Weasels badgers civets and mongooses and their relatives / (Registro nro. 1353)

Detalles MARC
000 -CABECERA
Campo de control 00662nam a2200217 a 4500
005 - FECHA Y HORA DE LA ULTIMA TRANSACCION
Campo de control 20160205160713.0
008 - ELEMENTOS DE LONGITUD FIJA—INFORMACION GENERAL
Campo de control 140227s1980 sz o fr|||| 000 0 eng d
040 ## - FUENTE DE CATALOGACIÓN
Agencia catalogadora original CO-BoIAVH
Agencia transcriptora CO-BoIAVH
041 0# - IDIOMA
Código de idioma para texto/pista de sonido o título separado Inglés
044 ## - PAÍS DE PUBLICACIÓN
País de publicación Suiza
082 04 - NUMERO DE CLASIFICACION DECIMAL DEWEY
Número de clasificación 599.76
Número del ítem W92w
110 2# - ASIENTO PRINCIPAL--NOMBRE CORPORATIVO
Unidad subordinad The World Conservation Union
9 (RLIN) 3349
245 10 - MENCION DE TITULO
Título Weasels badgers civets and mongooses and their relatives /
Mención de responsabilidad The World Conservation Union
260 ## - PUBLICACION, DISTRIBUCION, ETC. (PIE DE IMPRENTA)
Lugar de publicación, distribución, etc. Gland :
Nombre del editor, distribuidor, etc. IUCN ,
Fecha de publicación, distribución, etc. 1980?
300 ## - DESCRIPCION FISICA
Extensión 32 páginas :
Otros detalles físicos fotografías ;
Dimensiones 22 x 15 cm.
650 16 - ASIENTO SECUNDARIO DE MATERIA - TERMINO TEMATICO
Término temático o nombre geográfico como elemento de entrada Comadrejas
9 (RLIN) 11877
650 26 - ASIENTO SECUNDARIO DE MATERIA - TERMINO TEMATICO
Término temático o nombre geográfico como elemento de entrada Mangostas
9 (RLIN) 11878
650 26 - ASIENTO SECUNDARIO DE MATERIA - TERMINO TEMATICO
Término temático o nombre geográfico como elemento de entrada Mustelidos
9 (RLIN) 11879
650 26 - ASIENTO SECUNDARIO DE MATERIA - TERMINO TEMATICO
Término temático o nombre geográfico como elemento de entrada Historia natural
9 (RLIN) 57139
942 ## - ELEMENTOS ADICIONALES (KOHA)
Tipo de ítem Libro
Sistema de clasificación Dewey Decimal Classification
Existencias
Withdrawn status Lost status Sistema de Clasificación Damaged status No para préstamo Colección Inventariado Ubicación Permanente Ubicación actual Fecha de adquisición Fuente de Valor Valor Total Checkouts Número topográfico Inventario / Código de Barras Date last seen Ejemplar Price effective from Forma de adquisición Tipo de material
    Dewey Decimal Classification     General Inventariado 2017 Bogotá Bogotá 05/06/1999 Instituto 39000.00   LB-599.76 W92w 001817 04/12/2012 Ej. 1 04/12/2012   Libro
    Dewey Decimal Classification     General Inventariado 2017 Sala Fabio Quevedo Sala Fabio Quevedo 05/06/1999 Instituto 39000.00   LB-599.76 W92w 001818 04/12/2012 Ej. 2 04/12/2012   Libro